The kite runner /

In a divided country on the verge of war, two childhood friends, Amir and Hassan, are about to be torn apart forever. It's a glorious afternoon in Kabul and the skies are bursting with the exhilarating joy of a kite-fighting tournament. But in the aftermath of the day's victory, one boy�...

Full description

Bibliographic Details
Uniform Title:Kite runner (Motion picture)
Corporate Authors: DreamWorks Pictures (1994-2006), Sidney Kimmel Entertainment (Firm), Participant Productions, Paramount Home Entertainment (Firm)
Other Authors: Horberg, William, Parkes, Walter F., Yeldham, Rebecca, 1976-, Walsh, E. Bennett, Benioff, David, Forster, Marc, 1969-, Abdalla, Khalid, 1980-, Ershadi, Homayoun, Toub, Shaun, Leoni, Atossa, Taghmaoui, Saïd, Ebrahimi, Zekiria, Bakhtyari, Ali Danish, Mahmoodzada, Ahmad Khan, Tanha, Nabi, Ehsas, Elham, Nawabi, Tamim, Farookh, Qadir, Yusoufzai, Abdul Salam, Hosseini, Khaled
Format: Video DVD
Language:English
French
Spanish
Language Notes:Closed-captioned. In English, dubbed French or dubbed Spanish with optional English, French or Spanish subtitles.
Published: Hollywood, Calif. : Paramount Home Entertainment, [2008]
Subjects:

MARC

Tag First Indicator Second Indicator Subfields
LEADER 00000cgm a2200000Ia 4500
001 in00002376021
005 20200912063122.0
007 vd cvaizq
008 080116s2008 cau127 g vleng d
020 |a 1415738548 
020 |a 9781415738542 
024 1 0 |a 097361179742 
024 1 |a 00097361179742 
028 4 2 |a 117974  |b Paramount Home Entertainment 
035 |a (OCoLC)190847872 
035 |a (OCoLC)ocn190847872 
040 |a TEFMT  |c TEFMT  |d BTCTA  |d TEF  |d MR0  |d JED  |d UtOrBLW 
041 1 |a eng  |a fre  |a spa  |h eng  |g eng 
043 |a a-af--- 
049 |a TXAM 
050 1 4 |a PN1995.9.S87  |b K584 2008 
082 0 4 |a 791.43/72  |2 22 
130 0 |a Kite runner (Motion picture) 
245 1 4 |a The kite runner /  |c DreamWorks Pictures, Sidney Kimmel Entertainment and Participant Productions present a Sidney Kimmel Entertainment and Parkes/MacDonald production ; produced by William Horberg, Walter Parkes, Rebecca Yeldham and E. Bennett Walsh ; screenplay by David Benioff ; directed by Marc Forster. 
264 1 |a Hollywood, Calif. :  |b Paramount Home Entertainment,  |c [2008] 
300 |a 1 videodisc (127 min.) :  |b sound, color ;  |c 4 3/4 in. 
336 |a two-dimensional moving image  |b tdi  |2 rdacontent 
337 |a video  |b v  |2 rdamedia 
338 |a videodisc  |b vd  |2 rdacarrier 
538 |a DVD; Region 1; NTSC; widescreen presentation; Dolby Digital 5.1 surround. 
546 |a Closed-captioned. In English, dubbed French or dubbed Spanish with optional English, French or Spanish subtitles. 
511 1 |a Khalid Abdalla, Homayoun Ershadi, Shaun Toub, Atossa Leoni, Saïd Taghmaoui, Zekiria Ebrahimi, Ali Danish Bakhtyari, Ahmad Khan Mahmoodzada, Nabi Tanha, Elham Ehsas, Bahram Ehsas, Tamim Nawabi, Oadir Farookh, Abdul Salam Yusoutzai. 
508 |a Director of photography, Roberto Schaefer ; editor, Matt Chessé ; music, Alberto Iglesias ; costume designer, Frank L. Fleming ; production designer, Carlos Conti. 
500 |a Based on the book by Khaled Hosseini. 
521 8 |a MPAA rating: PG-13; strong thematic material including sexual assault of a child, violence, and brief strong language. 
520 |a In a divided country on the verge of war, two childhood friends, Amir and Hassan, are about to be torn apart forever. It's a glorious afternoon in Kabul and the skies are bursting with the exhilarating joy of a kite-fighting tournament. But in the aftermath of the day's victory, one boy's fearful act of betrayal will mark their lives forever and set in motion an epic quest for redemption. Now, after twenty years of living in America, Amir returns to a perilous Afghanistan under the Taliban's iron-fisted rule to face the secrets that still haunt him and take one last daring chance to set things right. 
500 |a Special features: commentary with Marc Forster, Khalid Hosseini and David Benioff; words from The kite runner; images from The kite runner; social action PSA; theatrical trailer. 
500 |a Videorecording. 
651 0 |a Kabul (Afghanistan)  |v Drama. 
650 0 |a Male friendship  |v Drama. 
650 0 |a Social classes  |v Drama. 
651 0 |a Afghanistan  |v Drama. 
650 0 |a Betrayal  |v Drama. 
650 0 |a Boys  |v Drama. 
650 7 |a Cometas (Aeronáutica)  |z Afghanistan  |v Teatro.  |2 bidex 
650 7 |a Amistad  |z Afghanistan  |v Teatro.  |2 bidex 
655 7 |a Thriller  |v Feature.  |2 migfg 
655 7 |a Feature films.  |2 gsafd 
655 7 |a Thrillers (Motion pictures)  |2 lcgft 
655 7 |a Film adaptations.  |2 lcgft 
655 7 |a Video recordings for the hearing impaired.  |2 lcgft 
655 7 |a Fiction films.  |2 lcgft 
655 7 |a Feature films.  |2 lcgft 
700 1 |a Horberg, William. 
700 1 |a Parkes, Walter F. 
700 1 |a Yeldham, Rebecca,  |d 1976- 
700 1 |a Walsh, E. Bennett. 
700 1 |a Benioff, David. 
700 1 |a Forster, Marc,  |d 1969- 
700 1 |a Abdalla, Khalid,  |d 1980- 
700 1 |a Ershadi, Homayoun. 
700 1 |a Toub, Shaun. 
700 1 |a Leoni, Atossa. 
700 1 |a Taghmaoui, Saïd. 
700 1 |a Ebrahimi, Zekiria. 
700 1 |a Bakhtyari, Ali Danish. 
700 1 |a Mahmoodzada, Ahmad Khan. 
700 1 |a Tanha, Nabi. 
700 1 |a Ehsas, Elham. 
700 1 |a Nawabi, Tamim. 
700 1 |a Farookh, Qadir. 
700 1 |a Yusoufzai, Abdul Salam. 
700 1 |a Hosseini, Khaled.  |t Kite runner. 
710 2 |a DreamWorks Pictures (1994-2006) 
710 2 |a Sidney Kimmel Entertainment (Firm) 
710 2 |a Participant Productions. 
710 2 |a Paramount Home Entertainment (Firm) 
938 |a Baker and Taylor  |b BTCP  |n BEHDPA 132224 
948 |a cataloged  |b h  |c 2008/4/2  |d c  |e blrosas  |f 1:17:26 pm 
949 |a updated-AC Qatar  |b h  |c 2012/4/25  |e agreen 
994 |a C0  |b TXA 
999 |a MARS 
999 f f |s 4f46c18a-ee3c-3d9a-99e9-2ff85fa5814b  |i c9e9d7c0-576c-3042-9d76-ffb563424a9c  |t 0 
952 f f |p dvd  |a Texas A&M University  |b College Station  |c Sterling C. Evans Library  |d Evans: Media and Reserves (Annex 1st floor)  |t 0  |e PN1995.9.S87 K584 2008  |h Library of Congress classification  |i video -- videodisc  |m A14837156588 
998 f f |a PN1995.9.S87 K584 2008  |t 0  |l Evans: Media and Reserves (Annex 1st floor)